| 000 | 00599nam a2200217 a 4500 | ||
|---|---|---|---|
| 001 | BRCA_3615 | ||
| 005 | 20190320204344.0 | ||
| 008 | 240809s1948----gw-a---###---#000-0#ger-# | ||
| 041 | _ager | ||
| 044 | _agw | ||
| 050 | 4 |
_aNK2270 _b.M85 1948 |
|
| 100 | 1 |
_aMuller-Christensen, Sigrid _99378 |
|
| 245 | 1 | 0 |
_aAlte Möbel _bVom Mittelalter bis zum Jugendstil _cSigrid Muller-Christensen. |
| 260 |
_aMüchen _bF. Bruckmann _cc1948 |
||
| 300 |
_a211 p. _bil. _c25 cm. |
||
| 500 | _aIncluye índice de autoras | ||
| 500 | _aB285 | ||
| 650 | 1 | 4 |
_aMuebles _xHistoria _94173 |
| 902 | _aGFM | ||
| 942 |
_2lcc _cB |
||
| 999 |
_c3350 _d3350 |
||